| 000 | 00364nam a2200133 a 4500 | ||
|---|---|---|---|
| 001 | 4140 | ||
| 005 | 20140414131957.0 | ||
| 008 | 090218s19uu xx 00 eng d | ||
| 050 |
_aTR 736.98 _bM31 2006 |
||
| 100 | _aMankoo, Gurinder Pal Singh | ||
| 245 |
_aCreative world of paper folding Bk. 3: _borigami projects. |
||
| 440 | _aDreamland. Bk. 3 | ||
| 999 |
_c112977 _d112977 |
||